000 01044nmc a2200361 a 4500
003 AR-BaBNM
005 20251128205651.0
008 178019s1991 ||||||||||||||000 | spa||
020 _a84-7738-110-0
040 _cAR-BaBNM
100 1 _aVinuesa Angulo, Julio
245 1 0 _aLos procesos de urbanización
260 _aMadrid
_bSíntesis
_c1991
300 0 _a205 p.
_btablas, gráfs., mapas
490 0 _aEspacios y sociedades
_vv. 13
500 0 _aAnexo para consultar con estadística p. 191-202
504 _aBibliografía p. 203-205
650 4 _aSOCIOLOGIA URBANA
650 4 _aDESARROLLO URBANO
650 4 _aSOCIEDADES INDUSTRIALES
650 4 _aURBANIZACION
650 4 _aMEDIO URBANO
650 4 _aINDUSTRIALIZACION
650 4 _aURBANISMO
650 4 _aPLANIFICACION URBANA
650 4 _aEXPANSION URBANA
650 4 _aCIUDADES
700 1 _aVidal Domínguez, María Jesús
800 1 _aVinuesa Angulo, Julio
_edirector
800 1 _aPuyol Antolín, Rafael
_edirector
942 _cBK
998 _cMariana
999 _c12320
_d12320